Історія та легенди сіл Рівненського району (Запис № 375155)

МАРК-запис
000 -Лідер
fixed length control field 00636nam a22002177a 4500
003 - Ідентифікатор контрольного номера
control field UA-OsUOA
001 - Контрольний номер
control field 88917
007 - Фіксоване поле фізичного опису
fixed length control field ta
008 - Елементи даних фіксованої довжини – загальна інформація
fixed length control field 20121022b un ||||| |||| 00| 0 ukr d
090 ## - Локальний шифр розміщення
Класифікаційний індекс УДК 908:94(477.81)
Авторський знак (НП) І-99
040 ## - Джерело каталогізації
Агенція оригінальної каталогізації UA-OsUOA
Мова каталогізації ukr
Агенція, яка здійснювала перезапис UA-OsUOA
Агенція, яка здійснювала модифікацію UA-OsUOA
041 ## - Код мови
Код мови тексту/ звукової доріжки чи окремого заголовка (П) ukr
080 ## - Індекс Універсальної десяткової класифікації
Індекс Універсальної десяткової класифікації (УДК) (НП) 908:94(477.81)
245 ## - Відомості про назву
Назва (НП) Історія та легенди сіл Рівненського району
Дані про відповідальність (НП) упор. М. Бендюк
260 ## - Публікація, розповсюдження і т.п. (Вихідні дані)
Місце публікації, розповсюдження і т.п. (П) Острог
Ім’я/ наймення видавництва, розповсюджувача і т.п. (П) НаУОА
Дата публікації, розповсюдження і т.п. (П) 2012
300 ## - Фізичний опис
Обсяг 260 с.
650 #7 - Додаткове предметне введення – тематичний термін
Тематичний термін чи географічна назва, як елемент введення (НП) 9 Географія. Біографії. Історія
Джерело заголовка чи терміна UDC
942 ## - Додаткові елементи входу (Коха)
Тип елемента Koha Книги
955 ## - Код типу видання за змістом
Код типу видання за змістом (НП) Навчальні видання
Фонди
Стан вилучень Стан втрат Джерело класифікації або схеми стелажів Стан уражень Не для кредиту Постійне місце розташування Поточне розміщення Дата придбання Джерело придбання Вартість, звичайна ціна покупки Інвентарний номер Усього замовленно Повний номер виклику Штрих-код Дата останнього перегляду Ціна ефективна від Тип елемента Koha Дата останньої перевірки Код колекції
    Universal Decimal Classification     ЧЗ - Читальна зала ЧЗ - Читальна зала 22/10/2012 62/2012 15.00 140567   908:94(477.81) І-99 140567 06/02/2022 22/10/2012 Книги    
    Universal Decimal Classification     ЧЗ - Читальна зала ЧЗ - Читальна зала 22/10/2012 62/2012 15.00 140568 1 908:94(477.81) І-99 140568 17/07/2024 22/10/2012 Книги 16/07/2024  
    Universal Decimal Classification     ЧЗ - Читальна зала ЧЗ - Читальна зала 22/10/2012 62/2012 15.00 140569 1 908:94(477.81) І-99 140569 07/04/2023 22/10/2012 Книги 30/03/2023  
    Universal Decimal Classification     ЧЗ - Читальна зала ЧЗ - Читальна зала 21/12/2015 54/2015 15.00 150151   908:94(477.81) І-99 150151 07/02/2022 22/10/2012 Книги   Колекція Пасічника І.Д.
    Universal Decimal Classification     ЧЗ - Читальна зала ЧЗ - Читальна зала 20/02/2018 4/2018 15.00 157968   908:94(477.81) І-99 157968 07/02/2022 22/10/2012 Книги